| 000 | 00691nam a2200193 a 4500 | ||
|---|---|---|---|
| 005 | 20210219152704.0 | ||
| 008 | 991125m19911997es 000 0 spa u | ||
| 020 | _a848525273X | ||
| 035 | _aUPN01000058824 | ||
| 049 | _aCG | ||
| 050 | 4 |
_aLB1733 _bF5 no.11 |
|
| 245 | 0 | 0 |
_aVivencias 3 : _bmétodo sensorio-motor para el aprendizaje de la lecto-escritura / _cMa. Isabel González Moreno ... [et al.]. |
| 260 |
_aMadrid : _bCEPE, _c1991 (1997 impr.). |
||
| 300 |
_a176 p. : _bil. col. |
||
| 440 | 0 |
_aFichas de preescolar especial ; _v11 |
|
| 650 | 4 |
_aLECTURA - _xESTUDIO Y ENSEÑANZA (ELEMENTAL) - _xMETODO SENSORIO-MOTOR |
|
| 700 | 1 |
_aGonzález Moreno, María Isabel, _ecoaut. |
|
| 905 | _aLibro | ||
| 999 |
_c58824 _d58824 |
||